Click to Translate - Croatian - Statistics

General Stats
  • This quiz has been taken 2,700 times
    2,508 since last reset
  • The average score is 14 of 20
Answer Stats
Hint Answer % Correct
My Moj
92%
Sixty Šezdeset
90%
Day Dan
89%
Goodbye Doviđenja
83%
Snow Snijeg
83%
Fish Riba
78%
Hello Zdravo
75%
Cow Krava
73%
Cold Hladno
71%
Sunday Nedjelja
71%
Big Velik
70%
Why Zašto
66%
Chair Stolica
65%
Have Imati
64%
Please Molim
61%
Out Van
61%
Coat Kaput
60%
Blue Plava
56%
Soup Juha
54%
Now Sada
50%
No matching quizzes found
Score Distribution
Percent of People with Each Score
Percentile by Number Answered
Your Score History
You have not taken this quiz since the last reset